Logo BPK

Biblioteka

Politechniki Koszalińskiej

Obliczanie numeryczne powłok obrotowych metodą elementów skończonych / (Rekord nr 5892)

Szczegóły MARC
000 -ETYKIETA REKORDU
podpole kontrolne o stałej długości 00689nam a2200205 i 4500
001 - NUMER KONTROLNY REKORDU
pole kontrolne bg
040 ## - ŹRÓDŁO KATALOGOWANIA
Instytucja, która utworzyła rekord BPK
041 ## - KOD JĘZYKA
Kod języka tekstu pol
080 ## - UNIWERSALNA KLASYFIKACJA DZIESIĘTNA - UKD
UKD 624.07:519.6
008 - POLE O STAŁEJ DŁUGOŚCI - DANE KONTROLNE
podpole kontrolne o stałej długości s pl f |000 0 pol
100 1# - NAZWA OSOBOWA
Nazwa osobowa GOŁAŚ, Jerzy
245 #0 - TYTUŁ/ODPOWIEDZIALNOŚĆ
Tytuł Obliczanie numeryczne powłok obrotowych metodą elementów skończonych /
Pozostałe elementy strefy tytułu i oznaczenia odpowiedzialności Jerzy Gołaś, Zygmunt Kasperski.
260 ## - STREFA ADRESU WYDAWNICZEGO
Miejsce wydania Warszawa :
Nazwa wydawcy/dystrybutora Państw. Wydawn. Nauk.,
Data publikacji, dystrybucji/powstania dokumentu 1978.
300 ## - STREFA OPISU FIZYCZNEGO
Objętość s. 96, nlb. 4 :
Inne cechy fizyczne rys., tab.
500 ## - UWAGI OGÓLNE
Tekst uwagi Opolskie Tow. Przyjaciół Nauk. Wydz. IV-Nauk Technicznych i Ścisłych.
500 ## - UWAGI OGÓLNE
Tekst uwagi [Streszcz. w jęz. ros. i ang.].
504 ## - UWAGA DOTYCZĄCA BIBLIOGRAFII
Informacje o bibliografii [Zawiera bibliogr. s. 94-96].
700 1# - HASŁO DODATKOWE - NAZWA OSOBOWA
Nazwa osobowa KASPERSKI, Zygmunt
856 ## - LOKALIZACJA I DOSTĘP DO ELEKTRONICZNYCH DOKUMENTÓW ZDALNYCH
Link (URL) http://koha.tu.koszalin.pl/cgi-bin/koha/opac-detail.pl?biblionumber=5892
Tekst linku Katalog online BPK
942 ## - DODATKOWE ELEMENTY (KOHA)
Typ dokumentu Książka
Egzemplarze
Wycofany Status egzemplarza Uszkodzony Dostępność Lokalizacja stała Lokalizacja bieżąca Miejsce przechowywania Sygnatura Kod kreskowy Typ dokumentu
      Dostępny Biblioteka Politechniki Koszalińskiej Biblioteka Politechniki Koszalińskiej Wypożyczalnia BG P 45633 02038537 Książka
© 2023 Biblioteka Politechniki Koszalińskiej :: KOHA